<?xml version="1.0" encoding="UTF-8"?>
<record
    xmlns:xsi="http://www.w3.org/2001/XMLSchema-instance"
    xsi:schemaLocation="http://www.loc.gov/MARC21/slim http://www.loc.gov/standards/marcxml/schema/MARC21slim.xsd"
    xmlns="http://www.loc.gov/MARC21/slim">

  <leader>01575nam a22001817a 4500</leader>
  <controlfield tag="003">OSt</controlfield>
  <controlfield tag="005">20240404132525.0</controlfield>
  <controlfield tag="008">240404s2016    ag ||||| |||| 00| 0 spa d</controlfield>
  <datafield tag="020" ind1=" " ind2=" ">
    <subfield code="a">9789504949978</subfield>
  </datafield>
  <datafield tag="040" ind1=" " ind2=" ">
    <subfield code="c">besoc</subfield>
  </datafield>
  <datafield tag="100" ind1=" " ind2=" ">
    <subfield code="a">Benedetti, Mario</subfield>
    <subfield code="e">autor</subfield>
  </datafield>
  <datafield tag="245" ind1=" " ind2=" ">
    <subfield code="a">La Muerte Y Otras Sorpresas.</subfield>
    <subfield code="c"> Mario Benedetti</subfield>
  </datafield>
  <datafield tag="260" ind1=" " ind2=" ">
    <subfield code="a">Bs As</subfield>
    <subfield code="b">Editorial Planeta</subfield>
    <subfield code="c">2016</subfield>
  </datafield>
  <datafield tag="300" ind1=" " ind2=" ">
    <subfield code="a">183 p.</subfield>
  </datafield>
  <datafield tag="505" ind1=" " ind2=" ">
    <subfield code="a">La Muerte-El Altillo-R&#xE9;quiem Con Tostadas-Ganas De Embromar-Todos Los D&#xED;as Son Domingo-Los Bomberos-Musak-La Expresi&#xF3;n-Datos Para El Viudo-A Imagen Y Semejanza-El Fin De La Disnea-La Noche De Los Feos-El Otro Yo-El Cambiazo-Para Objetos Solamente-Miss Amnesia-Acaso Irreparable-P&#xE9;ndulo-Cinco A&#xF1;os De Vida.</subfield>
  </datafield>
  <datafield tag="520" ind1=" " ind2=" ">
    <subfield code="a">En la ciudad, hombres y mujeres se aman y se odian, mueren, sobreviven, se deterioran y renacen, sonr&#xED;en, lloran, se pierden y regresan a trav&#xE9;s de caminos muchas veces recorridos, o descubren nuevos senderos iluminados por un radiante sol. La soledad, las dificultades de comunicaci&#xF3;n, la conciencia de la muerte, la alegr&#xED;a o el paso del tiempo son algunos de los temas incluidos en estos diecinueve cuentos que retratan sorprendentes atm&#xF3;sferas de la vida cotidiana. Pocos escritores son capaces de enfrentar al lector con la vida y la muerte de una forma tan delicada, tan humana y al mismo tiempo brutal. Mario Benedetti, uno de los grandes genios de la literatura latinoamericana, nos zambulle en el inmenso oc&#xE9;ano de la existencia, mostrando a trav&#xE9;s de su mirada lo m&#xE1;s &#xED;ntimo de una realidad cruel, pero siempre</subfield>
  </datafield>
  <datafield tag="942" ind1=" " ind2=" ">
    <subfield code="2">udc</subfield>
    <subfield code="c">LPD</subfield>
    <subfield code="n">0</subfield>
  </datafield>
  <datafield tag="999" ind1=" " ind2=" ">
    <subfield code="c">217</subfield>
    <subfield code="d">217</subfield>
  </datafield>
</record>
